000 01222nam a2200289 a 4500
001 000025591
003 DO-SdBNP
005 20251205121259.0
008 110218s2007 dr 000 0 spa d
040 _aDO-SdBNP
_bspa
_cBNPHU
_erda
082 _a345.05
_bD812L
100 1 _aDuarte Canaán, Pedro J.,
_d1963-
_96300
245 1 0 _aLitigación oral /
_cPedro J. Duarte Canaán ; presentación Ramón Pina Acevedo ; prólogo Ramón Horacio González Pérez.
246 1 4 _aEl arte de la litigación oral :
_bun referente veraz e indispensable para el abogado del siglo XXI
260 _aSanto Domingo :
_bEdiciones Jurídicas Trabajo Potentini,
_c2007.
300 _a240 p. ;
_c24 cm.
500 _aIncluye notas al pie de las páginas.
590 _aInventariado,2018/DG
650 4 _aDerecho procesal
_xRepública dominicana
_952274
650 4 _aDerecho penal
_xRepública dominicana
_952275
650 4 _aProcedimiento penal
_xRepública dominicana
_952276
650 4 _aAdministración de justicia penal
_xRepública dominicana
_952277
700 1 2 _aPina Acevedo, Ramón
_919631
700 1 2 _aGonzález Pérez, Ramón Horacio,
_epról.
_914476
910 _aValidado. Control de calidad BNPHU.
942 _2ddc
_cLBS1
999 _c25083
_d25083